000
00231nam a2200097Ia 4500
001
691408
005
20250826161835.0
008
250824s9999 xx 000 0 und d
245
0
_a
EMANET
_c
NALAN GÜVEN
260
_b
TİMAŞ YAYINLARI
999
_c
691408
_d
691408